Na výraznú úsporu energie neraz stačia triviálne opatrenia
V poslednom období stúpa váha, ktorú prikladajú slovenskí manažéri riadeniu podnikových energetických tokov, ale je stále nízka v porovnaní so zahraničím. Centrum energetických úspor (CEÚ) - zaoberá sa navrhovaním riešení na šetrenie s energiou. Využívajú ho hlavne podniky so zahraničnou kapitálovou...
Salvato in:
| Autore principale: | |
|---|---|
| Natura: | Capitolo di libro |
| Lingua: | slovacco |
| Soggetti: | |
| Tags: |
Nessun Tag, puoi essere il primo ad aggiungerne!!
|
MARC
| LEADER | 00000naa a2200000 4500 | ||
|---|---|---|---|
| 001 | r040695 | ||
| 005 | 20230921111113.0 | ||
| 041 | 0 | |a slo | |
| 044 | |a SK | ||
| 245 | 1 | 0 | |a Na výraznú úsporu energie neraz stačia triviálne opatrenia |c Konštantín Čikovský |
| 520 | |a V poslednom období stúpa váha, ktorú prikladajú slovenskí manažéri riadeniu podnikových energetických tokov, ale je stále nízka v porovnaní so zahraničím. Centrum energetických úspor (CEÚ) - zaoberá sa navrhovaním riešení na šetrenie s energiou. Využívajú ho hlavne podniky so zahraničnou kapitálovou účasťou. Nedostatočná komunikácia medzi podnikovými energetikmi, finančnými manažérmi a informatikmi. Úloha energetického auditu. Kultúra energetickej efektívnosti. | ||
| 610 | 2 | 0 | |a úspory energie |
| 610 | 2 | 0 | |a podnik |
| 610 | 2 | 0 | |a manažéri |
| 610 | 2 | 0 | |a audit |
| 610 | 2 | 0 | |a efektívnosť |
| 610 | 2 | 0 | |a energia |
| 610 | 2 | 0 | |a Slovensko |
| 610 | 2 | 0 | |a svet |
| 100 | 1 | |a Čikovský, Konštantín | |